| 000 | 00604nam a22001817a 4500 | ||
|---|---|---|---|
| 005 | 20251108175217.0 | ||
| 008 | 250721s2002 xx 000 0 ara d | ||
| 082 | 1 | 4 | _a618.1/حسي |
| 100 | 1 | _aالحسيني، ايمن | |
| 245 | 1 | 0 | _aالموسوعة الصحية للمرأة العصرية دليل طبي لمتاعب المرأة الصحية و النفسية في مختلف الأعمار / |
| 264 |
_bمكتبة ابن سينا، _c2002. |
||
| 300 | _a318ص. | ||
| 650 | 1 | 7 | _aالصحة |
| 650 | 1 | 7 | _aالمرأة |
| 650 | 1 | 7 | _aالموسوعات |
| 942 |
_2ddc _cBK |
||
| 999 |
_c128773 _d128773 |
||